[Event "Zaragoza op-A"]
[Site "Zaragoza"]
[Date "1995.??.??"]
[Round "6"]
[White "Langeweg, Kick"]
[Black "Granados Gomez, Manuel"]
[Result "1-0"]
[WhiteElo "2385"]
[BlackElo "2400"]

1.d4 d5 2.c4 dxc4 3.e3 Nf6 4.Bxc4 e6 5.Nf3 c5 6.Qe2 Nc6 7.O-O a6 8.Nc3 Qc7
9.a3 b5 10.Ba2 Bb7 11.Bd2 Rd8 12.Rac1 cxd4 13.exd4 Ng4 14.Bxe6 Nxd4 15.Bxf7+ Kd7
16.Qd3 Bc5 17.Nxb5 axb5 18.Rxc5 Qxc5 19.Nxd4 Nxf2 20.Rxf2 Kc8 21.Be3 Kb8
22.Rf5 Qe7 23.Qc3 Rd6 24.Bf4 Rd8 25.Bd5 g5 26.Rf7 Qxf7 27.Bxd6+  1-0

[Event "BRA-ch"]
[Site "Americana"]
[Date "1996.??.??"]
[Round "9"]
[White "Disconzi da Silva, Rodrigo"]
[Black "Loureiro, Luiz"]
[Result "1/2-1/2"]
[WhiteElo "2345"]
[BlackElo "2365"]

1.d4 d5 2.c4 dxc4 3.e3 Nf6 4.Bxc4 e6 5.Nf3 c5 6.O-O a6 7.Bd3 Nc6 8.Nc3 cxd4
9.exd4 Be7 10.Bg5 O-O 11.Rc1 b5 12.Ne4 Nxe4 13.Bxe7 Nxe7 14.Bxe4 Nd5 15.Ne5 Bb7
16.Nc6 Bxc6 17.Rxc6 Nf6 18.Bf3 Qa5 19.a3 Rad8 20.Qd3 Ra8 21.Rfc1 Qd8 22.Qe3 a5
23.Qe5 Rb8 24.g3 h6 25.Kg2 a4 26.Qc5 Qa5 27.Rc7 Qd2 28.Rc2 Qd3 29.Qa7 Rbd8
30.Qa5 Rxd4 31.R7c3 Qf5 32.Rc5 Nd5 33.Qxb5 Rd3 34.Be2 Rd4 35.Bf3 Rd3 36.Be2 Rd4
37.Bf3 Rd3  1/2-1/2

[Event "GRE-ch"]
[Site "Athens"]
[Date "1996.??.??"]
[Round "3"]
[White "Banikas, Hristos"]
[Black "Kofidis, Andreas"]
[Result "1/2-1/2"]
[WhiteElo "2445"]
[BlackElo "2360"]

1.d4 d5 2.c4 dxc4 3.Nf3 Nf6 4.e3 e6 5.Bxc4 c5 6.O-O a6 7.a4 Nc6 8.Qe2 cxd4
9.Rd1 Be7 10.exd4 O-O 11.Nc3 Nb4 12.Ne5 Bd7 13.Bg5 Rc8 14.Rac1 Be8 15.Bb3 Rc7
16.Qf3 Bc6 17.Qh3 Bd5 18.Nxd5 Nbxd5 19.Rxc7 Qxc7 20.Rc1 Qd6 21.Nc4 Qd7 22.Ne5  1/2-1/2

[Event "AUT-chT9697"]
[Site "Austria"]
[Date "1996.??.??"]
[Round "5"]
[White "Lukacs, Peter"]
[Black "Brestian, Egon"]
[Result "1/2-1/2"]
[WhiteElo "2475"]
[BlackElo "2455"]

1.d4 d5 2.c4 dxc4 3.Nf3 Nf6 4.e3 e6 5.Bxc4 c5 6.O-O Nc6 7.Qe2 a6 8.a4 cxd4
9.Rd1 Be7 10.exd4 O-O 11.Nc3 Nd5 12.Qe4 Nf6 13.Qe2 Nd5 14.Bb3 Ncb4 15.Ne5 Bd7
16.Qg4 Nf6 17.Qg3 Kh8 18.Bg5 Bc6 19.Nxc6 bxc6 20.Qf3 a5 21.Bf4 Qb6 22.Be5 Nd7
23.Ne4 Nxe5 24.dxe5 Qc7 25.Qg3  1/2-1/2

[Event "AUT-chT9697"]
[Site "Austria"]
[Date "1996.??.??"]
[Round "6"]
[White "Pierecker, Markus"]
[Black "Zoebisch, Herbert"]
[Result "1/2-1/2"]
[WhiteElo "2265"]
[BlackElo "2245"]

1.d4 d5 2.Nf3 Nf6 3.c4 dxc4 4.e3 e6 5.Bxc4 c5 6.O-O a6 7.dxc5 Qxd1 8.Rxd1 Bxc5
9.a3 Ke7 10.b4 Bd6 11.Bb2 Nbd7 12.Nd4 Nb6 13.Bb3 Bd7 14.Nd2 Ba4 15.Rac1 Rac8
16.Ba1 Bxb3 17.N4xb3 Rxc1 18.Rxc1 Rc8 19.Rxc8 Nxc8 20.Kf1 b6 21.Ke2 Ne8  1/2-1/2

[Event "AUT-chT9596"]
[Site "?"]
[Date "1996.??.??"]
[Round "?"]
[White "Miniboeck, Guenter"]
[Black "Stajcic, Nikola"]
[Result "1-0"]
[WhiteElo "2350"]
[BlackElo "2325"]

1.d4 d5 2.c4 dxc4 3.Nf3 Nf6 4.e3 e6 5.Bxc4 c5 6.Qe2 a6 7.dxc5 Bxc5 8.O-O b5
9.Bd3 Nbd7 10.e4 Bb7 11.a4 b4 12.Nbd2 Qc7 13.e5 Nd5 14.Nc4 N7b6 15.Na5 Bc8
16.Bd2 Nd7 17.Nb3 Be7 18.Rfc1 Qa7 19.Nfd4 Bb7 20.Nc6 Bxc6 21.Rxc6 a5 22.Qe4 Qb8
23.Rac1 Qxe5 24.Rc8+ Rxc8 25.Rxc8+ Bd8 26.Qxe5 Nxe5 27.Bb5+ Ke7 28.Nxa5 Rf8
29.Nc6+ Kd7 30.Rxd8+ Rxd8 31.Nxe5+ Kc7 32.Nxf7 Rf8 33.Ng5 Kd6 34.Kf1 Rc8
35.Bd3 h6 36.Nf3 Ra8 37.Bc2 Rb8 38.Bb3 e5 39.Ke2 Nf6 40.Be1 Nd7 41.Nd2 Nc5
42.Bd1 Ne6 43.g3 Nd4+ 44.Kd3 Kd5 45.Nb3 e4+ 46.Ke3 Nf5+ 47.Ke2 Nd6 48.Nd2 Kd4
49.g4 Nf7 50.Bc2 Nd6 51.h4 Rc8 52.Bd1 Rb8 53.h5 Nf7 54.Bc2 Nd6 55.Bb3 Ne8
56.f3 exf3+ 57.Nxf3+ Ke4 58.Bg3 Rb7 59.Bc2+ Kd5 60.Bf5 Ra7 61.b3 Ra6 62.Kd3 Nf6
63.Be1 Rb6 64.Nd4 Ke5 65.Bg3+ Kd5 66.Nc2 Rb7 67.Be1 Ke5 68.Bc8 Rb6 69.Bg3+ Kd5
70.Bc7  1-0

[Event "Bad Woerishofen op"]
[Site "Bad Woerishofen"]
[Date "1996.??.??"]
[Round "8"]
[White "Dittmar, Peter"]
[Black "Levin, Felix"]
[Result "0-1"]
[WhiteElo "2380"]
[BlackElo "2480"]

1.d4 d5 2.c4 dxc4 3.e3 Nf6 4.Bxc4 e6 5.Nf3 c5 6.Qe2 a6 7.dxc5 Bxc5 8.e4 b5
9.Bd3 Nc6 10.Nc3 Ng4 11.O-O Nge5 12.Bc2 Nxf3+ 13.Qxf3 Nd4 14.Qd3 O-O 15.Bb1 e5
16.Ne2 Be6 17.Nxd4 Bxd4 18.Rd1 Qh4 19.Qg3 Qxg3 20.hxg3 Bg4 21.Rd2 Rac8 22.Rc2 Be2
23.a3 Bd1 24.Rxc8 Rxc8 25.Ba2 Bc2 26.Bd5 Bd3 27.Be3 Bxb2 28.Rd1 Bc2 29.Rd2 Bc1
30.Re2 Bxa3 31.Bb7 Rc7 32.Bxa6 b4 33.Bb6 Rc6 34.Ba5 b3 35.Rd2 h6 36.Bb7 Rc5  0-1

[Event "Balatonbereny"]
[Site "Balatonbereny"]
[Date "1996.??.??"]
[Round "9"]
[White "Horvath, Csaba"]
[Black "Kallai, Gabor"]
[Result "1/2-1/2"]
[WhiteElo "2540"]
[BlackElo "2495"]

1.d4 d5 2.c4 dxc4 3.e3 e6 4.Bxc4 Nf6 5.Nf3 c5 6.O-O a6 7.dxc5 Bxc5 8.Qe2 b5
9.Bd3 Nc6 10.Rd1 Qc7 11.Nbd2 Bb7 12.Ne4 Be7 13.Bd2 O-O 14.Rac1 Nxe4 15.Bxe4 Rac8
16.Nd4  1/2-1/2

[Event "Barbera op"]
[Site "Barbera"]
[Date "1996.??.??"]
[Round "5"]
[White "Vera, Reynaldo"]
[Black "Peric, Slavisa"]
[Result "1-0"]
[WhiteElo "2505"]
[BlackElo "2365"]

1.d4 d5 2.c4 dxc4 3.e3 e6 4.Bxc4 Nf6 5.Nf3 c5 6.Qe2 a6 7.dxc5 Bxc5 8.O-O Qc7
9.e4 Nc6 10.e5 Nd7 11.Bf4 Be7 12.Nbd2 h6 13.h3 g5 14.Bg3 h5 15.Ne4 g4 16.hxg4 hxg4
17.Nh2 Ncxe5 18.Rac1 Qa5 19.Nxg4 Nxg4 20.Qxg4 Qh5 21.Qxh5 Rxh5 22.Rfd1 Nb6
23.Bb3 Nd5 24.f3 Bd7 25.Nd6+ Bxd6 26.Bxd6 Bc6 27.Kf2 O-O-O 28.g4 Rh3 29.Bg3 Nb4
30.Rxd8+ Kxd8 31.Rd1+ Ke8 32.Kg2 Rh6 33.Bf4 Rf6 34.Rd4 Nd5 35.Bg5 Rg6 36.Bh4 f5
37.Kf2 fxg4 38.fxg4 Kd7 39.Bc2 Rg8 40.Kg3 e5 41.Rd2 Kd6 42.g5 Ke6 43.Rf2 Nf4
44.Kg4 Kd6 45.Rd2+ Kc7 46.Bg3 Rf8 47.Bf5 Be8 48.Bxf4 exf4 49.Kxf4 Bg6 50.Rd5 Bf7
51.Rd7+ Kc6 52.Rxf7 Rxf7 53.g6 Re7 54.Kg5 Kd6 55.Kf6 b5 56.g7 Re8 57.Bh7 Kc5
58.g8=Q Rxg8 59.Bxg8 Kd4 60.Ke6 a5 61.Kd6 a4 62.a3  1-0

[Event "Barcelona op"]
[Site "Barcelona"]
[Date "1996.??.??"]
[Round "?"]
[White "Gil Gonzales, Jose Manuel"]
[Black "Jose Abril, Ramon"]
[Result "1-0"]
[WhiteElo "2395"]
[BlackElo "2315"]

1.d4 d5 2.Nf3 Nf6 3.e3 c5 4.c4 dxc4 5.Bxc4 e6 6.Nc3 a6 7.O-O b5 8.Bb3 Bb7
9.Qe2 Nbd7 10.Rd1 Qb8 11.e4 cxd4 12.Nxd4 Bd6 13.h3 O-O 14.Bc2 Bh2+ 15.Kh1 Bf4
16.a3 Rd8 17.Be3 Bxe3 18.Qxe3 Ne5 19.Bb3 Qa7 20.Rd2 Rac8 21.Rad1 Qa8 22.f4 Nc4
23.Bxc4 Rxc4 24.e5 Nd5 25.Nxd5 Bxd5 26.f5 h6 27.fxe6 fxe6 28.Nxe6 Bxg2+ 29.Kh2 Rxd2
30.Rxd2 Bd5 31.Nf4 Re4 32.Qg3 Rxe5  1-0

[Event "Barcelona"]
[Site "Barcelona"]
[Date "1996.??.??"]
[Round "2"]
[White "Granados Gomez, Manuel"]
[Black "Jerez Perez, Alfonso"]
[Result "1/2-1/2"]
[WhiteElo "2350"]
[BlackElo "2335"]

1.d4 d5 2.c4 dxc4 3.e3 Nf6 4.Bxc4 e6 5.Nf3 c5 6.O-O cxd4 7.exd4 Be7 8.Nc3 O-O
9.Qe2 b6 10.Ne5 Bb7 11.Bg5 Nc6 12.Nxc6 Bxc6 13.Rad1 Qc7 14.Rfe1 Rfe8 15.Nb5 Qd7
16.Nc3 Rad8 17.h3 Nd5 18.Bxe7 Qxe7 19.Nxd5 Bxd5 20.b3 Qg5 21.f3 h6 22.Qf2 Qf4
23.Qe3 Qxe3+ 24.Rxe3 Rd6 25.Kf2 Rc8 26.Bxd5 Rxd5 27.Red3 Kf8 28.Ke3 Ke7 29.R1d2 Kd6
30.f4 Ra5 31.a4 Rd5 32.Ke4 Rc6 33.Ke3 b5 34.axb5 Rxb5 35.Ra2 a5 36.Ra4 Rc2
37.g3 Kd5 38.Kf3 g5 39.fxg5 hxg5 40.Re3 f6 41.Kg4 Kd6 42.Rf3 Ke7 43.Rc4 Rxc4
44.bxc4 Rb4 45.Rc3 a4 46.h4 gxh4 47.gxh4 a3 48.Rxa3 Rxc4 49.Rd3 Kf7 50.Kg3 Kg6
51.d5 exd5 52.Rxd5  1/2-1/2

[Event "Oberliga Bayern9596"]
[Site "Bayern"]
[Date "1996.??.??"]
[Round "?"]
[White "Naumkin, Igor"]
[Black "Bus, Mariusz"]
[Result "1/2-1/2"]
[WhiteElo "2455"]
[BlackElo "2380"]

1.d4 d5 2.c4 dxc4 3.Nf3 Nf6 4.e3 e6 5.Bxc4 c5 6.O-O a6 7.a4 Nc6 8.Qe2 Qc7
9.Nc3 Be7 10.h3 O-O 11.Rd1 Rd8 12.d5 exd5 13.Bxd5 Nb4 14.Bc4 Rxd1+ 15.Qxd1 Bf5
16.Qe2 Re8 17.Bd2 Bf8 18.Rc1 Qd7 19.Be1 Bd3 20.Bxd3 Qxd3 21.Qxd3 Nxd3 22.Rb1 c4
23.Kf1 Bb4 24.Nd2 Rc8 25.Ke2 g6 26.f3 Nxe1 27.Kxe1 Bxc3 28.bxc3 Nd5 29.Rxb7 Nxe3
30.g4 f5 31.gxf5 gxf5  1/2-1/2

[Event "Belgrade Yugometal (Women)"]
[Site "Belgrade"]
[Date "1996.??.??"]
[Round "4"]
[White "Peng, Zhaoqin"]
[Black "Galliamova, Alisa"]
[Result "0-1"]
[WhiteElo "2375"]
[BlackElo "2475"]

1.d4 d5 2.c4 dxc4 3.e3 Nf6 4.Bxc4 e6 5.Nf3 c5 6.O-O a6 7.Bb3 Be7 8.Qe2 O-O
9.Nc3 Qc7 10.dxc5 Nc6 11.e4 Ng4 12.Be3 Na5 13.Na4 Bd7 14.Rfc1 Bb5 15.Qe1 Rad8
16.Nc3 Bd3 17.h3 Nxe3 18.Qxe3 Bxc5 19.Na4 Bxe3 20.Rxc7 Bf4 21.e5 Be4 22.Bd1 Rc8
23.Rxc8 Rxc8 24.b4 Nc6 25.Nc5 Bxf3 26.Bxf3 Nxb4 27.Nxb7 Bxe5 28.Rd1 Nxa2
29.g3 Rc1 30.Kf1 Bd4 31.Na5 Rxd1+ 32.Bxd1 Nc3 33.Bc2 Bb6 34.Nc4 Bc7 35.Ke1 h5
36.Kd2 Nb5 37.Bd3 g5 38.g4 Bf4+ 39.Ke2 h4 40.Kf3 Kf8 41.Na5 Ke8 42.Nc6 Bd6
43.Na5 Kd7 44.Ke4 Kc7 45.Nc4 f6 46.Nd2 Kb6 47.Bc2 Kc5 48.Kd3 f5 49.f3 a5
50.Nc4 Bc7 51.gxf5 exf5 52.Ne3 Nd4 53.Bd1 Ne6 54.Nxf5 Nf4+ 55.Ke4 Nxh3 56.Bc2 Kb4
57.Ne3 Nf4 58.Kf5 h3 59.Ng4 Ng2 60.Kxg5 Bf4+ 61.Kh5 Bg3  0-1

[Event "Biel op MTO"]
[Site "Biel"]
[Date "1996.??.??"]
[Round "9"]
[White "Cvitan, Ognjen"]
[Black "Zifroni, Dov"]
[Result "1/2-1/2"]
[WhiteElo "2535"]
[BlackElo "2490"]

1.d4 d5 2.c4 dxc4 3.e3 Nf6 4.Bxc4 e6 5.Nf3 c5 6.O-O a6 7.Bb3 Nc6 8.Qe2 cxd4
9.Rd1 Be7 10.exd4 O-O 11.Nc3 Na5 12.Bc2 b5 13.Ne5 Bb7 14.a3 Rc8 15.Rd3 Ne4
16.Rh3 g6 17.Bh6 Re8 18.Re1 Ng5 19.Bxg5  1/2-1/2

[Event "Bled op"]
[Site "Bled"]
[Date "1996.??.??"]
[Round "5"]
[White "Kozul, Zdenko"]
[Black "Mikhalchishin, Adrian"]
[Result "1/2-1/2"]
[WhiteElo "2580"]
[BlackElo "2505"]

1.d4 d5 2.c4 dxc4 3.Nf3 Nf6 4.e3 e6 5.Bxc4 c5 6.O-O a6 7.Bd3 cxd4 8.exd4 Be7
9.Nc3 O-O 10.Bg5 b5 11.Rc1 Bb7 12.Bxf6 Bxf6 13.Be4 Nc6 14.Nxb5 axb5 15.Bxc6 Bxc6
16.Rxc6 Qd5 17.Rc5 Qxa2 18.Rxb5 Rab8 19.Rxb8 Rxb8 20.Qc2  1/2-1/2

[Event "SLO-chT"]
[Site "Bled"]
[Date "1996.??.??"]
[Round "6"]
[White "Kozul, Zdenko"]
[Black "Mikhalchishin, Adrian"]
[Result "1-0"]
[WhiteElo "2605"]
[BlackElo "2515"]

1.d4 d5 2.c4 dxc4 3.Nf3 Nf6 4.e3 e6 5.Bxc4 c5 6.O-O a6 7.a3 cxd4 8.exd4 Nc6
9.Nc3 Be7 10.Ba2 O-O 11.Be3 b5 12.d5 exd5 13.Nxd5 Be6 14.Bb6 Qb8 15.Nxe7+ Nxe7
16.Bxe6 Qxb6 17.Ba2 Rad8 18.Qc2 Nc6 19.Rad1 h6 20.h3 Rfe8 21.Rxd8 Rxd8 22.Re1 Rd6
23.Qf5 Kf8 24.Nh4 Nd4 25.Qe5 Qc7 26.Nf5 Nxf5 27.Qxf5 Rd2 28.Qf3 Qc8 29.Qb3 Qd7
30.Rc1 Kg8 31.Qxf7+ Qxf7 32.Rc8+ Kh7 33.Bxf7 Rxb2 34.Ra8 b4 35.a4 g5 36.Rxa6 Nd7
37.Ra7 Ne5 38.Bd5+ Kg6 39.a5 Rd2 40.Be4+ Kf6 41.a6 Rd1+ 42.Kh2 Nc4 43.Ra8 Nd2
44.Bd3 Ra1 45.a7 Kg7 46.Kg3 b3 47.f3 b2 48.Rb8 b1=Q 49.Bxb1 Rxa7 50.Bd3 Ra3
51.Rd8 Kf6 52.Kf2 Ke7 53.Rd5 Ke6 54.Rd4 Ke5 55.Rd8 Rc3 56.Re8+ Kf6 57.Ke2 Nb3
58.Bb1 Rc1 59.Be4 Ra1 60.Rb8 Ra2+ 61.Ke3 Nc5 62.Rb6+ Ke5 63.Rb5 Kd6 64.Rb6+ Ke5
65.Rxh6 Nxe4 66.fxe4 Ra3+ 67.Kf2 Kxe4 68.Rf6 Ke5 69.Rf3 Ra2+ 70.Kg3 Ra4 71.Rf2 Rb4
72.Kh2 Ke6 73.g4 Rb5 74.Rf3 Rb2+ 75.Kg3 Rd2 76.h4 Rd1 77.hxg5 Rg1+ 78.Kh3 Ke7
79.Rf6 Rh1+ 80.Kg3 Ra1 81.Rf3 Rg1+ 82.Kh3 Rh1+ 83.Kg2 Ra1 84.Rf4 Ra3 85.g6 Ra6
86.Kg3 Rf6 87.g7 Rg6 88.Kh4 Rxg7 89.Kh5  1-0

[Event "Budapest FS03 IM"]
[Site "Budapest"]
[Date "1996.??.??"]
[Round "1"]
[White "Szabo, Zsolt"]
[Black "Shovunov, Baatr"]
[Result "0-1"]
[WhiteElo "2370"]
[BlackElo "2300"]

1.d4 d5 2.c4 c6 3.e3 Nf6 4.Bd3 e6 5.Nf3 dxc4 6.Bxc4 c5 7.O-O a6 8.a4 Nbd7
9.Nc3 Be7 10.Qe2 O-O 11.Rd1 Qc7 12.h3 Rd8 13.dxc5 Bxc5 14.e4 Nf8 15.Rxd8 Qxd8
16.Bg5 h6 17.Rd1 Qe7 18.Bc1 e5 19.Nd5 Nxd5 20.exd5 Bd6 21.Re1 f6 22.Bd2 Bd7
23.a5 Kh8 24.Qd3 Re8 25.Qb3 Bc8 26.Nd4 Qf7 27.Nc2 f5 28.Bb4 Bxb4 29.Qxb4 f4
30.Qd6 Bf5 31.Bb3 Ng6 32.f3 Rc8 33.Re2 Bd3 34.Rd2 Qf5 35.Qe6 Qxe6 36.dxe6 Bc4
37.Bxc4 Rxc4 38.Rd8+ Kh7 39.Ne1 Rc6 40.Re8 Rd6 41.Kf1 h5 42.Ke2 Nh4 43.e7 Re6
44.Nd3 Nf5 45.Nc5 Rxe7 46.Rxe7 Nxe7 47.Nxb7 Kg6 48.Kd3 Kg5 49.Nc5 Kh4 50.Nxa6 Nc6
51.Nc5 Kg3 52.a6 Kxg2 53.Kc4 Kxf3 54.b4 Ke3 55.b5 f3 56.Nd3 e4 57.Nf2 Kxf2
58.bxc6 e3 59.c7 e2 60.c8=Q e1=Q 61.Qc5+ Kg2 62.a7 Qe4+ 63.Qd4 Qc6+ 64.Kd3 g5
65.Qa1 Qa8 66.Ke3 f2 67.Qa2 Kxh3 68.Qf7 Qxa7+ 69.Qxa7 f1=Q 70.Qa5 h4  0-1

[Event "Budapest FS08 GM"]
[Site "Budapest"]
[Date "1996.??.??"]
[Round "3"]
[White "Kumaran, Dharshan"]
[Black "Arnold, Lothar"]
[Result "1-0"]
[WhiteElo "2495"]
[BlackElo "2375"]

1.d4 d5 2.c4 dxc4 3.Nf3 Nf6 4.e3 e6 5.Bxc4 c5 6.Qe2 Nc6 7.O-O a6 8.Rd1 Qc7
9.Nc3 Bd6 10.h3 O-O 11.dxc5 Bxc5 12.e4 b5 13.Bb3 Bb7 14.e5 Nd7 15.Bf4 Rad8
16.Ne4 Be7 17.Rac1 Qb8 18.Neg5 Nb4 19.Nxf7 Rxf7 20.Bxe6 Bd5 21.Rxd5  1-0

[Event "Budapest FS09 GM"]
[Site "Budapest"]
[Date "1996.??.??"]
[Round "3"]
[White "Peter, Ambrus"]
[Black "Legky, Nikolay A"]
[Result "0-1"]
[WhiteElo "2435"]
[BlackElo "2540"]

1.d4 d5 2.c4 dxc4 3.Nf3 Nf6 4.e3 e6 5.Bxc4 c5 6.O-O Nc6 7.Qe2 cxd4 8.Rd1 Be7
9.exd4 O-O 10.Nc3 Na5 11.Bd3 b6 12.Bg5 Bb7 13.Ne5 Nd5 14.Qh5 f5 15.Bxe7 Qxe7
16.Nxd5 Bxd5 17.Ba6 Rad8 18.Rd3 Rf6 19.Qh4 Nc6 20.Rh3 h6 21.Nxc6 Bxc6 22.Rc1 Be4
23.Rhc3 Qd6 24.Rc4 Kh7 25.f3 Bd5 26.Rc7 Rg6 27.Be2 e5 28.dxe5 Qxe5 29.R7c2 Rdd6
30.b3 Rc6 31.Qf2 Kh8 32.Rxc6 Rxc6 33.Rxc6 Bxc6 34.Bf1 f4 35.Qd2 Bd5 36.Kf2 g5
37.Be2 Kg7 38.Bd1 Bc6 39.Bc2 Qc5+ 40.Ke2 Bb5+ 41.Bd3 Qe5+ 42.Kf2 Bxd3 43.Qxd3 Qb2+
44.Qe2 Qd4+ 45.Kf1 Kf6 46.Qc2 a5 47.Ke2 Qe5+ 48.Kf1 Qb5+ 49.Qe2 Qd5 50.Qc2 Ke5
51.Ke2 Qd4 52.Qc7+ Kd5 53.Qd7+ Kc5 54.Qe7+ Qd6 55.Qxd6+ Kxd6 56.Kd3 Kc5 57.Kc3 b5
58.a3 b4+ 59.axb4+ axb4+ 60.Kd3 Kd5 61.g4 fxg3 62.hxg3 h5 63.Ke3 Ke5 64.Kf2 Kd4  0-1

[Event "Budapest FS07 GM"]
[Site "Budapest"]
[Date "1996.??.??"]
[Round "4"]
[White "Hoang Than Trang"]
[Black "Zifroni, Dov"]
[Result "1/2-1/2"]
[WhiteElo "2360"]
[BlackElo "2490"]

1.d4 d5 2.c4 dxc4 3.Nf3 Nf6 4.e3 e6 5.Bxc4 c5 6.O-O a6 7.b3 Nbd7 8.Bb2 b5
9.Be2 Bb7 10.a4 b4 11.Nbd2 Be7 12.Rc1 O-O 13.Nc4 Rc8 14.dxc5 Nxc5 15.Bd4 Nd5
16.Qc2 f6 17.Rfd1 Qc7 18.Ne1 Rfd8 19.Bg4 f5 20.Be5 Qd7 21.Bf3 Qe8 22.Qb2 Qf8
23.Nd3 Nxe3 24.Nxe3 Rxd3 25.Bxb7 Rxd1+ 26.Nxd1 Nxb7 27.Rxc8 Qxc8 28.Bxg7 Qd8
29.Ne3 Nc5 30.Bd4 Nd3 31.Qa1 Kf7 32.Nc2 Qd5 33.Qd1 Qxb3 34.Qh5+ Kg8 35.Ne1 e5
36.Bxe5 Nxe1 37.Qxf5 Nd3 38.Qg4+ Kf8 39.Qf5+ Ke8 40.Qc8+ Kf7 41.Qf5+ Ke8
42.Qc8+ Bd8 43.Qc6+ Kf7 44.Qd7+ Kg6 45.Qg4+ Bg5 46.Qe4+ Kf7  1/2-1/2

[Event "HUN-ch"]
[Site "Budapest"]
[Date "1996.??.??"]
[Round "5"]
[White "Kiss, Pal"]
[Black "Acs, Peter"]
[Result "1-0"]
[WhiteElo "2480"]
[BlackElo "2410"]

1.d4 d5 2.c4 dxc4 3.Nf3 Nf6 4.e3 e6 5.Bxc4 c5 6.O-O a6 7.a4 Nc6 8.Qe2 cxd4
9.Rd1 Be7 10.exd4 O-O 11.Nc3 Nb4 12.Ne5 Nfd5 13.Qe4 b6 14.Nc6 Nxc6 15.Nxd5 Ra7
16.Nxe7+ Nxe7 17.Bg5 Bb7 18.Qh4 Re8 19.Ra3 Qd7 20.Bxe7 Rxe7 21.Rh3 h6 22.Rg3 Kh8
23.b3 Bd5 24.Qg4 f5 25.Qe2 Bxc4 26.Qxc4 a5 27.Re3 Rc7 28.Qe2 Qd5 29.h3 Kg8
30.Re1 Qxd4 31.Rxe6 Rf7 32.Qe3 Qxe3 33.R1xe3 f4 34.Rf3 Rb7 35.h4 h5 36.Re4 Rbc7
37.Rexf4 Rxf4 38.Rxf4 Rc3 39.b4 Rb3 40.bxa5 bxa5 41.Rf5 Rb4 42.Rxh5 Rxa4
43.g3 Kf7 44.Kg2 Ra1 45.Kh3 a4 46.Ra5 a3 47.Kg4 a2 48.Kf5  1-0

[Event "Budapest FS09 GM"]
[Site "Budapest"]
[Date "1996.??.??"]
[Round "5"]
[White "Sukharisingh, Ralf"]
[Black "Legky, Nikolay A"]
[Result "0-1"]
[WhiteElo "2400"]
[BlackElo "2540"]

1.d4 d5 2.Nf3 Nf6 3.c4 dxc4 4.e3 e6 5.Bxc4 c5 6.Qe2 cxd4 7.exd4 Nc6 8.O-O Be7
9.Rd1 O-O 10.Nc3 Na5 11.Bd3 b6 12.Bg5 Bb7 13.Bxf6 Bxf6 14.Be4 Bxe4 15.Nxe4 Rc8
16.Ne5 Rc7 17.Qb5 Be7 18.d5 exd5 19.Rxd5 Qc8 20.Rad1 Qe6 21.Qd3 Nc6 22.Nxc6 Qxc6
23.h3 g6 24.Nc3 Qe6 25.Rd7 Rfc8 26.Qd5 Qxd5 27.R1xd5 Bf6 28.g3 Bxc3 29.bxc3 Kf8
30.Kf1 Ke8 31.Rxc7 Rxc7 32.Rd3 Ke7 33.Ke2 Rc5 34.Ke3 Ra5 35.Rd2 Ke6 36.h4 Re5+
37.Kf4 Rc5 38.Re2+ Kf6 39.Rc2 h5 40.Ke4 Re5+ 41.Kd4 Kf5 42.c4 f6 43.f3 Ra5
44.Rf2 Ra3 45.Kd5 g5 46.hxg5 fxg5 47.Kc6 g4 48.fxg4+ Kxg4 49.Rh2 Rxg3 50.a4 h4
51.a5 bxa5 52.Kb5 h3 53.Kxa5 Rg2 54.Rh1 h2 55.c5 Kg3 56.Ka6 Ra2+ 57.Kb7 Kg2  0-1

[Event "Budapest FS02 GM"]
[Site "Budapest"]
[Date "1996.??.??"]
[Round "6"]
[White "Hoang Than Trang"]
[Black "Varga, Zoltan"]
[Result "1/2-1/2"]
[WhiteElo "2360"]
[BlackElo "2540"]

1.d4 d5 2.c4 dxc4 3.Nf3 Nf6 4.e3 e6 5.Bxc4 c5 6.O-O a6 7.b3 cxd4 8.Nxd4 b5
9.Be2 Bb7 10.a4 b4  1/2-1/2

[Event "Budapest FS07 GM"]
[Site "Budapest"]
[Date "1996.??.??"]
[Round "6"]
[White "Hoang Than Trang"]
[Black "Pedersen, Daniel Vesterbaek"]
[Result "1/2-1/2"]
[WhiteElo "2360"]
[BlackElo "2330"]

1.d4 d5 2.c4 dxc4 3.Nf3 Nf6 4.e3 e6 5.Bxc4 c5 6.O-O a6 7.b3 cxd4 8.Nxd4 Bc5
9.Bb2 O-O 10.Nd2 b6 11.Be2 Bb7 12.Bf3 Bxf3 13.N2xf3 Nbd7 14.b4 Bxd4 15.Qxd4 Qe7
16.Rac1 Rfc8 17.a3 Qf8 18.h3 Rxc1 19.Rxc1 Rc8 20.Qd2 b5 21.Nd4 Nb6  1/2-1/2

[Event "HUN-ch"]
[Site "Budapest"]
[Date "1996.??.??"]
[Round "6"]
[White "Lukacs, Peter"]
[Black "Kiss, Pal"]
[Result "1-0"]
[WhiteElo "2475"]
[BlackElo "2480"]

1.d4 d5 2.c4 dxc4 3.e3 Nf6 4.Bxc4 e6 5.Nf3 c5 6.O-O a6 7.a4 Nc6 8.Qe2 cxd4
9.Rd1 Be7 10.exd4 O-O 11.Nc3 Nb4 12.Ne5 Bd7 13.Bg5 Rc8 14.Re1 Be8 15.Rad1 Nfd5
16.Nxd5 exd5 17.Bxe7 Qxe7 18.Bb3 Bd7 19.Qd2 Be6 20.a5 Qd6 21.h3 h6 22.Re3 Rfd8
23.Rg3 Kh7 24.Re1 Rc7 25.Ree3 Rdc8 26.Rc3 b6 27.axb6 Qxb6 28.Bd1 Qd6 29.Qf4 f6
30.Nd3 Qxf4 31.Nxf4 Bf5 32.Bb3 Re7 33.Rge3 Rxe3 34.fxe3 Rb8 35.Rc7 Nd3 36.Bc2 Nxf4
37.Bxf5+ Ng6 38.g4  1-0

[Event "Budapest FS07 GM"]
[Site "Budapest"]
[Date "1996.??.??"]
[Round "8"]
[White "Lukacs, Peter"]
[Black "Zifroni, Dov"]
[Result "1/2-1/2"]
[WhiteElo "2475"]
[BlackElo "2490"]

1.d4 d5 2.c4 dxc4 3.e3 Nf6 4.Bxc4 e6 5.Nf3 c5 6.O-O a6 7.Bd3 cxd4 8.exd4 Be7
9.Nc3 O-O 10.Bg5 Nc6 11.Rc1 h6 12.Bh4 Nh5 13.Bxe7 Nxe7 14.Ne5 Nf6 15.Ne4 Ned5
16.Qf3 Qb6 17.Rfd1 Rd8 18.Bc4 Rf8 19.Bb3 a5 20.h3 a4 21.Bxd5 Nxd5 22.Qa3 Rd8
23.Nc3 Nxc3 24.bxc3 Qc7 25.Rb1 Ra5 26.Qb4 Rad5 27.Qc4 Qa5 28.Qb4 Qxb4 29.cxb4 b6
30.Nf3 e5 31.Rbc1 Bf5 32.Rc7 b5 33.Re1 e4 34.Nh4 Bh7 35.g4 Rxd4 36.a3 Rd3
37.Re3 Rxe3 38.fxe3 g5 39.Ng2 Bg6 40.Ne1 Rd1 41.Kf1 Ra1 42.Rc8+ Kg7 43.Rc7 Kf8
44.Kf2 Rxa3 45.Nc2 Ra2 46.Kg3 h5 47.h4 gxh4+ 48.Kxh4 hxg4 49.Kxg4 Rb2 50.Kf4 Rb1
51.Ra7 Rf1+ 52.Kg3 Rf3+ 53.Kg2 f5 54.Rc7 Kg8 55.Rc5 Be8 56.Re5 Kf7 57.Rc5 Bd7
58.Rc7 Ke8 59.Rc5 Kd8 60.Re5 Kc7 61.Rc5+ Kd6 62.Nd4 Rxe3 63.Nxb5+ Bxb5 64.Rxb5 f4  1/2-1/2

[Event "Budapest FS09 GM"]
[Site "Budapest"]
[Date "1996.??.??"]
[Round "9"]
[White "Legky, Nikolay A"]
[Black "Varga, Zoltan"]
[Result "1-0"]
[WhiteElo "2540"]
[BlackElo "2450"]

1.d4 d5 2.c4 dxc4 3.e3 Nf6 4.Bxc4 e6 5.Nf3 c5 6.O-O a6 7.b3 Nc6 8.Bb2 cxd4
9.Nxd4 Bd7 10.Nd2 Bc5 11.N4f3 Qe7 12.Rc1 Ba3 13.Bxa3 Qxa3 14.e4 b5 15.e5 Ng4
16.Be2 O-O 17.Ne4 Rfd8 18.Rc5 Qb2 19.Qb1 Qxb1 20.Rxb1 f6 21.exf6 Nxf6 22.Nd6 Kf8
23.Rd1 Ke7 24.Rcc1 Rab8 25.a3 Rb6 26.Ng5 e5 27.Rc5 h6 28.Ngf7 Rdb8 29.Nxe5 Nxe5
30.Rxe5+ Kf8 31.b4 Bc6 32.Nf5 Re8 33.f4 Bd7 34.Nxg7 Rxe5 35.fxe5 Bg4 36.Bxg4 Nxg4
37.Rd6 Rxd6 38.exd6 Ne5  1-0

[Event "Budapest FS09 GM"]
[Site "Budapest"]
[Date "1996.??.??"]
[Round "9"]
[White "Peter, Ambrus"]
[Black "Lukacs, Peter"]
[Result "1-0"]
[WhiteElo "2435"]
[BlackElo "2475"]

1.d4 d5 2.c4 dxc4 3.Nf3 Nf6 4.e3 e6 5.Bxc4 c5 6.O-O a6 7.a4 Nc6 8.Qe2 cxd4
9.Rd1 Be7 10.exd4 O-O 11.Nc3 Nd5 12.Qe4 Nf6 13.Qh4 Nd5 14.Qg4 Nf6 15.Qg3 Nh5
16.Qg4 Nf6 17.Qf4 Nb4 18.Ne5 Nfd5 19.Qe4 Ra7 20.a5 b5 21.axb6 Nxb6 22.Bb3 Bb7
23.Qg4 Kh8 24.Qh5 Qe8 25.Re1 g6 26.Qh6 f6 27.Ng4 f5 28.Rxe6 fxg4 29.Rxb6 Nc6
30.Be3 Bf6 31.d5 Bg7 32.Qg5 Nd4 33.Qxg4 Bc8 34.Qd1 Nf5 35.Bc5 Qd8 36.Rb4  1-0

[Event "Budapest FS10 IM"]
[Site "Budapest"]
[Date "1996.??.??"]
[Round "11"]
[White "Dudas, Jan"]
[Black "Jamrich, Gyorgy"]
[Result "1-0"]
[WhiteElo "2395"]
[BlackElo "2295"]

1.d4 d5 2.c4 dxc4 3.Nf3 Nf6 4.e3 e6 5.Bxc4 c5 6.O-O a6 7.a4 Nc6 8.Qe2 Be7
9.Rd1 Qc7 10.Nc3 O-O 11.h3 Re8 12.e4 cxd4 13.Nxd4 Nxd4 14.Rxd4 Nd7 15.Rd1 Nf8
16.Be3 h6 17.Rac1 Qb8 18.Qh5 Bd7 19.Rd3 Bf6 20.Bc5 Bc6 21.Bd6 Qc8 22.e5 Be7
23.Bxe7 Rxe7 24.Rg3 Kh7 25.Bd3+ g6 26.Ne4 Rc7 27.Nf6+ Kg7 28.a5 Bb5 29.Rd1 Rc1
30.Be4 Qc5 31.b4 Qc7 32.Kh2 Rd8 33.Rxd8 Qxd8 34.Bxb7 Nd7 35.Ne4 Bf1 36.Nd6 Qe7
37.Be4 Re1 38.Nxf7 Nf8 39.Qxh6+  1-0

[Event "Budapest FS08 GM"]
[Site "Budapest"]
[Date "1996.??.??"]
[Round "11"]
[White "Lukacs, Peter"]
[Black "Arnold, Lothar"]
[Result "1-0"]
[WhiteElo "2475"]
[BlackElo "2375"]

1.d4 d5 2.c4 dxc4 3.Nf3 Nf6 4.e3 e6 5.Bxc4 c5 6.O-O a6 7.a4 Nc6 8.Qe2 Qc7
9.Nc3 Be7 10.b3 O-O 11.Bb2 b6 12.Rad1 Bb7 13.d5 exd5 14.Nxd5 Nxd5 15.Bxd5 Rad8
16.Qc4 Na5 17.Qg4 g6 18.e4 Bxd5 19.exd5 f5 20.Qh3 Nxb3 21.Ne5 Nd4 22.Bxd4 cxd4
23.Nc6 Rd6 24.Nxe7+ Qxe7 25.Rxd4 Re8 26.Qb3 Qe5 27.Rd3 Rc8 28.Rfd1 f4 29.h3 Kg7
30.Rd4 a5 31.Rc4 Rcd8 32.Rcd4 R8d7 33.Qf3 Rf6 34.Qd3 f3 35.g4 Qg5 36.Qc3 Qe5
37.Re1 Rc7 38.Qa1 Qg5 39.d6 Rd7 40.Re7+ Rxe7 41.dxe7 Kf7 42.Re4 Ke8 43.Qd1  1-0

[Event "Cannes op"]
[Site "Cannes"]
[Date "1996.??.??"]
[Round "1"]
[White "Cebalo, Miso"]
[Black "Estrada Nieto, Julian"]
[Result "1/2-1/2"]
[WhiteElo "2495"]
[BlackElo "2345"]

1.d4 d5 2.Nf3 Nf6 3.c4 dxc4 4.e3 e6 5.Bxc4 c5 6.O-O a6 7.Qe2 b5 8.Bb3 Bb7
9.a4 b4 10.Rd1 Qc7 11.Nbd2 Nbd7 12.Nc4 a5 13.Bd2 Be7 14.Rac1 O-O 15.Be1 Ba6
16.Nfd2 cxd4 17.exd4 Qf4 18.Nf1 Nb6 19.Qe5 Nbd5 20.Nfe3 Bb7 21.f3 Rfd8 22.Qxf4 Nxf4
23.Kf2 N4d5 24.Nxd5 Nxd5 25.Ne5 Rac8 26.Nc4 Ra8 27.Bd2 Bf6 28.Be3 Ne7 29.Ne5 Bd5
30.Bxd5 Rxd5 31.Ng4 Nf5 32.Nxf6+ gxf6 33.Rc5 Rad8 34.Rxd5 Rxd5 35.g4 Nxe3
36.Kxe3 f5 37.h3 fxg4 38.hxg4 h5 39.Rc1 hxg4 40.fxg4 Rg5 41.Kf3 Rd5  1/2-1/2